Sponzoring - nástroj marketingovej komunikácie diplomová práca

Enregistré dans:
Détails bibliographiques
Auteur principal: Poláčková, Petronela
Collectivité auteur: Obchodná fakulta EU. Katedra marketingu
Autres auteurs: Loydlová, Miroslava
Format: Livre
Langue:slovaque
Publié: Bratislava 2019
Tags: Ajouter un tag
Pas de tags, Soyez le premier à ajouter un tag!

MARC

LEADER 00000nbm a2200000 4500
001 0253927
005 20190704135502.2
041 0 |a slo 
044 |a SK 
245 1 0 |a Sponzoring - nástroj marketingovej komunikácie  |b diplomová práca  |c Petronela Poláčková ; školiteľ: Miroslava Loydlová 
264 1 |a Bratislava  |c 2019 
300 |a 64 s. 
100 1 |a Poláčková, Petronela 
700 1 |a Loydlová, Miroslava 
710 2 |a Obchodná fakulta EU. Katedra marketingu